Essentials of clinical cardiology

Guardat en:
Dades bibliogràfiques
Autor principal: BHALERAO, Jayant C.
Format: Llibre
Idioma:anglès
Publicat: Japee Brothers Medical Publishers 2013
Etiquetes: Afegir etiqueta
Sense etiquetes, Sigues el primer a etiquetar aquest registre!

MARC

LEADER 00000nam a22000007a 4500
008 231228b |||||||| |||| 00| 0 eng d
020 |a 9789350903087 
100 |a BHALERAO, Jayant C. 
245 |a Essentials of clinical cardiology  |c /Jayant C.Bhalerao  |g xx, 184p;ill 
260 |b Japee Brothers Medical Publishers  |c 2013  |h New Delhi  |i 700655  |i 700656  |l RC681.B46  |m Cardiology  |m Cardiovascular diseases 
500 |a it includes index 
942 |a lcc  |c BK  |e Johnson  |f 28/12/23 
952 |0 0  |1 0  |2 lcc  |4 0  |6 RC0681 B46  |7 0  |9 4725  |a HE  |b HOL  |c QZ  |d 2023-12-28  |l 0  |o RC681.B46  |p 2023-0638  |r 2023-12-28 00:00:00  |t 700655  |w 2023-12-28  |y BK 
952 |0 0  |1 0  |2 lcc  |4 0  |6 RC0681 B46  |7 0  |9 4726  |a HOL  |b HOL  |c QZ  |d 2023-12-28  |l 0  |o RC681.B46  |p 2023-0639  |r 2023-12-28 00:00:00  |t 700656  |w 2023-12-28  |y BK 
999 |c 2369  |d 2369